Daňový systém ČR tři roky po reformě
Východiská daňovej reformy v ČR v r. 1993. Vývoj daňovej kvóty. Daňová kvóta v ČR a jej porovnanie s krajinami EÚ v r. 1993. Zdanenie spotreby. Zavedenie dane z pridanej hodnoty. Sadzby DPH v krajinách EÚ a v ČR. Efektívna miera zdanenia spotreby. Zdanenie príjmov. Sadzby dane z príjmov korporácií v...
Gespeichert in:
| 1. Verfasser: | |
|---|---|
| Format: | Buchkapitel |
| Sprache: | Tschechisch |
| Schlagworte: | |
| Tags: |
Keine Tags, Fügen Sie das erste Tag hinzu!
|
MARC
| LEADER | 00000naa a2200000 4500 | ||
|---|---|---|---|
| 001 | r025586 | ||
| 005 | 20230922102447.4 | ||
| 041 | 0 | |a cze | |
| 044 | |a CZ | ||
| 245 | 1 | 0 | |a Daňový systém ČR tři roky po reformě |c D. Vašková |
| 520 | |a Východiská daňovej reformy v ČR v r. 1993. Vývoj daňovej kvóty. Daňová kvóta v ČR a jej porovnanie s krajinami EÚ v r. 1993. Zdanenie spotreby. Zavedenie dane z pridanej hodnoty. Sadzby DPH v krajinách EÚ a v ČR. Efektívna miera zdanenia spotreby. Zdanenie príjmov. Sadzby dane z príjmov korporácií v EÚ a v ČR. Zdanenie pracovných príjmov. Porovnanie efektívnej priemernej miery zdanenia pracovných priemerných príjmov v EÚ a v ČR v r. 1993. | ||
| 610 | 2 | 0 | |a reformy daňové |
| 610 | 2 | 0 | |a Česko |
| 610 | 2 | 0 | |a 1993 |
| 610 | 2 | 0 | |a systémy daňové |
| 610 | 2 | 0 | |a Európska únia |
| 610 | 2 | 0 | |a kvóty |
| 610 | 2 | 0 | |a dane |
| 610 | 2 | 0 | |a politika daňová |
| 610 | 2 | 0 | |a dane z príjmov |
| 610 | 2 | 0 | |a dane z hodnoty pridanej |
| 610 | 2 | 0 | |a sadzby daňové |
| 100 | 1 | |a Vašková, D. | |